000 00493nam a22001817a 4500
003 NUST - PNEC
005 20170116180816.0
008 150527b xxu||||| |||| 00| 0 eng d
020 _a-
040 _cLIBRARY
082 _a330.9199 ANW
100 _93704
_aAnwar, Mian Mohammad
245 _aEconomic and commercial geography
_cProf. Mian Mohammad Anwar
260 _aLahore:
_bIlmi Book House,
_cc1991.
300 _a244 p. :
_c22 cm.
650 _93705
_aEconomic
_xMIS
942 _2ddc
_cBK
999 _c63541
_d63541